| 000 | 00917nam a22002417a 4500 | ||
|---|---|---|---|
| 999 |
_c63872 _d63872 |
||
| 005 | 20240530110703.0 | ||
| 008 | 171225s2015 ua ao f b 000 0 ara d | ||
| 017 |
_a2014/21372 _bمصر. دار الكتب |
||
| 020 | _a9789779100258 | ||
| 040 |
_aEG-CaGPL _cEG-CaGPL |
||
| 082 | 0 | 4 |
_221 _a792.0932 _bق/ص م |
| 100 | 0 | _aصبحى شفيق | |
| 245 | 1 | 0 |
_aمدخل الى المسرح الفرعونى الكوريجرافى الاوبرالى / _cصبحى شفيق . |
| 250 | _aط.1 | ||
| 260 |
_aالقاهرة : _bالهيئة المصرية العامة للكتاب ، _c2015 . |
||
| 300 |
_a176 ص. ؛ _c24 سم. |
||
| 650 | 0 | 7 |
_2qrmak _aالمسرح _xتاريخ _zمصر القديمة |
| 650 | 0 | 7 |
_2qrmak _aالاوبرا _xتاريخ _zمصر القديمة |
| 650 | 0 | 7 |
_2qrmak _aالمسرح الفرعونى |
| 651 | _2qrmak | ||
| 942 |
_2ddc _cBK |
||